<?xml version='1.0' encoding='UTF-8'?>
  <record xmlns="http://www.loc.gov/MARC21/slim">
    <leader>00000ctm a22000007i 4500</leader>
    <controlfield tag="001">on1045424937</controlfield>
    <controlfield tag="003">OCoLC</controlfield>
    <controlfield tag="005">20240202180208.2</controlfield>
    <controlfield tag="008">180723m16341641ne a          000 0adut d</controlfield>
    <datafield tag="040" ind1=" " ind2=" ">
      <subfield code="a">QGJ</subfield>
      <subfield code="b">eng</subfield>
      <subfield code="e">rda</subfield>
      <subfield code="c">QGJ</subfield>
      <subfield code="d">OCLCO</subfield>
      <subfield code="d">OCLCQ</subfield>
      <subfield code="d">OCLCO</subfield>
      <subfield code="d">OCLCF</subfield>
      <subfield code="d">OCLCO</subfield>
      <subfield code="d">OCLCL</subfield>
    </datafield>
    <datafield tag="035" ind1=" " ind2=" ">
      <subfield code="a">(OCoLC)1045424937</subfield>
    </datafield>
    <datafield tag="041" ind1="0" ind2=" ">
      <subfield code="a">dut</subfield>
      <subfield code="a">lat</subfield>
    </datafield>
    <datafield tag="100" ind1="1" ind2=" ">
      <subfield code="a">Buchell, Arend van,</subfield>
      <subfield code="d">1565-1641,</subfield>
      <subfield code="e">author.</subfield>
      <subfield code="4">aut</subfield>
      <subfield code="1">https://id.oclc.org/worldcat/entity/E39PBJvt97kGgrhYc6wBHv6BT3</subfield>
    </datafield>
    <datafield tag="245" ind1="1" ind2="0">
      <subfield code="a">Notae quotidianae /</subfield>
      <subfield code="c">Aern. van Buchell,</subfield>
      <subfield code="f">UBU Hs. 1827 (Hs 5 L 25).</subfield>
    </datafield>
    <datafield tag="246" ind1="1" ind2=" ">
      <subfield code="i">Title in A. Hulshof, Catalogus codicum manu scriptorum Bibliothecae Universitatis Rheno-Trajectinae:</subfield>
      <subfield code="a">Aanteekeningen in het Hollandsch en Latijn omtrent dagelijksche voorvallen te Utrecht en elders</subfield>
    </datafield>
    <datafield tag="246" ind1="3" ind2=" ">
      <subfield code="a">Aantekeningen in het Nederlands en Latijn omtrent dagelijks voorvallen te Utrecht en elders</subfield>
    </datafield>
    <datafield tag="264" ind1=" " ind2="0">
      <subfield code="a">[Utrecht],</subfield>
      <subfield code="c">1634-1641.</subfield>
    </datafield>
    <datafield tag="300" ind1=" " ind2=" ">
      <subfield code="a">196 pages :</subfield>
      <subfield code="b">illustrations ;</subfield>
      <subfield code="c">160 x 100 mm</subfield>
    </datafield>
    <datafield tag="336" ind1=" " ind2=" ">
      <subfield code="a">text</subfield>
      <subfield code="b">txt</subfield>
      <subfield code="2">rdacontent</subfield>
    </datafield>
    <datafield tag="337" ind1=" " ind2=" ">
      <subfield code="a">unmediated</subfield>
      <subfield code="b">n</subfield>
      <subfield code="2">rdamedia</subfield>
    </datafield>
    <datafield tag="338" ind1=" " ind2=" ">
      <subfield code="a">volume</subfield>
      <subfield code="b">nc</subfield>
      <subfield code="2">rdacarrier</subfield>
    </datafield>
    <datafield tag="340" ind1=" " ind2=" ">
      <subfield code="a">Paper</subfield>
    </datafield>
    <datafield tag="520" ind1=" " ind2=" ">
      <subfield code="a">Notes on daily events in Utrecht and elsewhere.</subfield>
    </datafield>
    <datafield tag="524" ind1="8" ind2=" ">
      <subfield code="a">Cite as: Universiteitsbibliotheek Utrecht Hs. 1827 (Hs 5 L 25).</subfield>
    </datafield>
    <datafield tag="541" ind1=" " ind2=" ">
      <subfield code="c">Gift;</subfield>
      <subfield code="a">Jacobus Anne Grothe;</subfield>
      <subfield code="d">18880728</subfield>
    </datafield>
    <datafield tag="546" ind1=" " ind2=" ">
      <subfield code="a">Text in Dutch or Latin.</subfield>
    </datafield>
    <datafield tag="563" ind1=" " ind2=" ">
      <subfield code="a">Modern parchment binding over pasteboards.</subfield>
    </datafield>
    <datafield tag="563" ind1=" " ind2=" ">
      <subfield code="a">With mackle.</subfield>
    </datafield>
    <datafield tag="581" ind1=" " ind2=" ">
      <subfield code="a">[A. Hulshof], Catalogus codicum manu scriptorum Bibliothecae Universitatis Rheno-Traiectinae. II. Traiecti ad Rhenum 1909. p. 218.</subfield>
    </datafield>
    <datafield tag="581" ind1=" " ind2=" ">
      <subfield code="a">A. Buchelius, Notae quotidianae van Aernout van Buchell. Uitg. door J.W.C. van Campen. Utrecht 1940. (= Werken uitgegeven door het Historisch Genootschap, Ser. 3, nr. 70). p. VIII, 15-122.</subfield>
    </datafield>
    <datafield tag="581" ind1=" " ind2=" ">
      <subfield code="a">A. Buchelius, ""Res pictoriae"". Aantekeningen over kunstenaars en kunstwerken voorkomende in zijn Diarium, Res picturae, Notae quotidianae en Descriptio urbis Ultrajectinae (1583-1639). Uitgeg. en toegel. door G.J. Hoogewerff &amp; J.Q. van Regteren Altena. Den Haag (1928). (= Quellenstudien zur Holländischen Kunstgeschichte 15). p. 91-100.</subfield>
    </datafield>
    <datafield tag="581" ind1=" " ind2=" ">
      <subfield code="a">A.M.S. Logan, The 'Cabinet' of the brothers Gerard and Jan Reynst. Amsterdam, etc. 1979. (= Kon. Nederl. Akademie van wetenschappen. Verhandel. afd. Letterkunde, N.R., 99). p. 55-59 (over p. 113, 145-149).</subfield>
    </datafield>
    <datafield tag="581" ind1=" " ind2=" ">
      <subfield code="a">J. Pollmann, Een andere weg naar God. De reformatie van Arnoldus Buchelius (1565-1641). Amsterdam 2000 (ook verschenen als proefschrift UvA: Another road to God, [s.n] 1998, ook verschenen als: Religious choice in the Dutch Republic. The reformation of Arnoldus Buchelius (1565-1641), Manchester 1999). p. 24 nt. 46.</subfield>
    </datafield>
    <datafield tag="581" ind1=" " ind2=" ">
      <subfield code="a">J. Schlueter, 'Sleuthing de Witt's Swan. New (and old) directions for research', p. 5.</subfield>
    </datafield>
    <datafield tag="581" ind1=" " ind2=" ">
      <subfield code="a">W.L. Strauss &amp; M. van der Meulen, (The Rembrandt documents. New York 1979. p. 117.</subfield>
    </datafield>
    <datafield tag="655" ind1=" " ind2="2">
      <subfield code="a">Autobiography</subfield>
    </datafield>
    <datafield tag="655" ind1=" " ind2="7">
      <subfield code="a">Autobiographies.</subfield>
      <subfield code="2">fast</subfield>
      <subfield code="0">(OCoLC)fst01919894</subfield>
    </datafield>
    <datafield tag="655" ind1=" " ind2="7">
      <subfield code="a">Autobiographies.</subfield>
      <subfield code="2">lcgft</subfield>
    </datafield>
    <datafield tag="655" ind1=" " ind2="7">
      <subfield code="a">Autobiographies.</subfield>
      <subfield code="2">rvmgf</subfield>
    </datafield>
    <datafield tag="700" ind1="1" ind2=" ">
      <subfield code="a">Grothe, Jacobus Anne,</subfield>
      <subfield code="d">1815-1899,</subfield>
      <subfield code="e">former owner</subfield>
      <subfield code="4">fmo</subfield>
    </datafield>
    <datafield tag="710" ind1="2" ind2=" ">
      <subfield code="a">Universiteit Utrecht.</subfield>
      <subfield code="b">Bibliotheek.</subfield>
      <subfield code="k">Manuscript</subfield>
      <subfield code="n">(Hs. 1827 (Hs 5 L 25th))</subfield>
    </datafield>
    <datafield tag="758" ind1=" " ind2=" ">
      <subfield code="i">has work:</subfield>
      <subfield code="a">Notae quotidianae UBU Hs. 1827 (Hs 5 L 25) (Text)</subfield>
      <subfield code="1">https://id.oclc.org/worldcat/entity/E39PCYHFJhFTwjbBwGtR8xrXMK</subfield>
      <subfield code="4">https://id.oclc.org/worldcat/ontology/hasWork</subfield>
    </datafield>
  </record>